Научно-технический отчет. Вып.228: Разработка универсального метода денситометрии цветофотографических материалов (Запись № 3102628)

Подробности
000 -МАРКЕР
контрольное поле 01596nam2a22002651 4500
001 - ИДЕНТИФИКАТОР ЗАПИСИ
контрольное поле RU\NLR\INFOCOMM4\1000576076
005 - ИДЕНТИФИКАТОР ВЕРСИИ
контрольное поле 20250617110042.0
035 ## - ДРУГИЕ СИСТЕМНЫЕ НОМЕРА
Идентификатор записи (NLR Aleph) 002560812
100 ## - ДАННЫЕ ОБЩЕЙ ОБРАБОТКИ
Данные общей обработки 20040519d1959 |||y0rusy50 ca
101 0# - ЯЗЫК РЕСУРСА
Язык текста, звукозаписи и т.д. русский
102 ## - СТРАНА ПУБЛИКАЦИИ ИЛИ ПРОИЗВОДСТВА
Страна публикации Российская Федерация
105 ## - ПОЛЕ КОДИРОВАННЫХ ДАННЫХ: ТЕКСТОВЫЕ МАТЕРИАЛЫ, МОНОГРАФИЧЕСКИЕ
Кодированные данные о монографическом текстовом документе y |||||||||
200 1# - ЗАГЛАВИЕ И СВЕДЕНИЯ ОБ ОТВЕТСТВЕННОСТИ
Основное заглавие Разработка универсального метода денситометрии цветофотографических материалов
Первые сведения об ответственности Л. К. Крупенин, Г. С. Баранов
Последующие сведения об ответственности Лаборатория фотовоспроизведения. Тема №11 плана НИР 1959 года: "Разработка системы сенситометрии цветных и черно-белых кинофотоматериалов"
210 ## - ПУБЛИКАЦИЯ, РАСПРОСТРАНЕНИЕ И ДР.
Дата издания, распространения и т.д. 1959
Место издания, распространения и т.д. Б. м.
461 #0 - УРОВЕНЬ НАБОРА
Встроенное поле 001RU\NLR\INFOCOMM4\1000576061
-- 2001#$aНаучно-технический отчет$fМ-во культуры СССР. Всесоюз. науч.-исслед. кино-фото ин-т НИКФИ$vВып.228
Системный номер (АБИС) связанной записи 3102519
Автор Научно-исследовательский кино-фото институт (Москва)
Место публикации М.
Дата публикации 1957-1963
Первые сведения об ответственности М-во культуры СССР. Всесоюз. науч.-исслед. кино-фото ин-т НИКФИ
Заглавие Научно-технический отчет
Номер тома Вып.228
700 #1 - ИМЯ ЛИЦА - ПЕРВИЧНАЯ ОТВЕТСТВЕННОСТЬ
Начальный элемент ввода Крупенин
Часть имени, кроме начального элемента ввода Л. К.
Код отношения Автор
701 #1 - ИМЯ ЛИЦА - АЛЬТЕРНАТИВНАЯ ОТВЕТСТВЕННОСТЬ
Начальный элемент ввода Баранов
Часть имени, кроме начального элемента ввода Г. С.
Код отношения Автор
801 #1 - ИСТОЧНИК ЗАПИСИ
Страна Российская Федерация
Организация InfoComm
Дата составления 20040519
801 #0 - ИСТОЧНИК ЗАПИСИ
Страна Российская Федерация
Организация NLR
Правила каталогизации PSBO
852 ## - МЕСТОНАХОЖДЕНИЕ И ШИФР ХРАНЕНИЯ
Идентификатор организации NLR
Шифр хранения (Call Number) П11/1278
942 ## - ДОПОЛНИТЕЛЬНЫЕ ЭЛЕМЕНТЫ ЗАПИСИ (АБИС)
Тип экземпляра АБИС Выпуск
980 ## - КОЛЛЕКЦИЯ
Название коллекции Национальная библиография
980 ## - КОЛЛЕКЦИЯ
Название коллекции Русская периодика

Нет доступных экземпляров.